000
00195nam a2200085Ia 4500
008
120527s9999 xx 000 0 und d
100
_a
Hellmith, Jerome
245
_a
Exceptional infant
942
_c
BK
999
_c
27603
_d
27603